[Event "Grand Swiss "]
[Date "2025.09.04"]
[White "Madaminov, Mukhiddin"]
[Black "Yuffa, Daniil"]
[WhiteElo "2560"]
[BlackElo "2648"]
[Round "1.1.49"]
[Result "1/2-1/2"]

1. e4 {[%clk 01:40:42] [%emt 00:00:16]} c6 {[%clk 01:40:39] [%emt 00:00:23]} 2.
d4 {[%clk 01:40:22] [%emt 00:00:50]} d5 {[%clk 01:40:56] [%emt 00:00:12]} 3. e5
{[%clk 01:40:43] [%emt 00:00:07]} Bf5 {[%clk 01:41:02] [%emt 00:00:25]} 4. Nf3
{[%clk 01:41:00] [%emt 00:00:13]} e6 {[%clk 01:41:18] [%emt 00:00:15]} 5. Be2
{[%clk 01:41:23] [%emt 00:00:07]} a6 {[%clk 01:40:32] [%emt 00:01:16]} 6. Nbd2
{[%clk 01:38:57] [%emt 00:02:54]} c5 {[%clk 01:38:36] [%emt 00:02:28]} 7. dxc5
{[%clk 01:35:12] [%emt 00:04:14]} Bxc5 {[%clk 01:37:53] [%emt 00:01:14]} 8. Nb3
{[%clk 01:34:11] [%emt 00:01:30]} Ba7 {[%clk 01:34:13] [%emt 00:04:11]} 9. Nfd4
{[%clk 01:24:45] [%emt 00:09:55]} Ne7 {[%clk 01:28:03] [%emt 00:06:41]} 10. Be3
{[%clk 01:15:43] [%emt 00:09:31]} Nbc6 {[%clk 01:15:07] [%emt 00:13:27]} 11. f4
{[%clk 01:15:55] [%emt 00:00:17]} Be4 {[%clk 01:05:59] [%emt 00:09:39]} 12. O-O
{[%clk 01:15:00] [%emt 00:01:25]} h6 {[%clk 01:04:15] [%emt 00:02:14]} 13. Qd2
{[%clk 01:09:20] [%emt 00:06:10]} Nxd4 {[%clk 00:57:09] [%emt 00:07:37]} 14.
Bxd4 {[%clk 01:04:18] [%emt 00:05:31]} Bxd4+ {[%clk 00:57:20] [%emt 00:00:20]}
15. Nxd4 {[%clk 01:04:40] [%emt 00:00:06]} Qb6 {[%clk 00:54:54] [%emt 00:02:57]}
16. c3 {[%clk 01:02:36] [%emt 00:02:33]} Nf5 {[%clk 00:49:23] [%emt 00:06:02]}
17. Bg4 {[%clk 00:52:52] [%emt 00:10:14]} Nxd4 {[%clk 00:47:52] [%emt 00:02:01]}
18. cxd4 {[%clk 00:50:52] [%emt 00:02:29]} Rc8 {[%clk 00:46:00] [%emt 00:02:22]}
19. Rac1 {[%clk 00:49:30] [%emt 00:01:53]} Rc4 {[%clk 00:41:46] [%emt 00:04:44]}
20. Rfd1 {[%clk 00:49:23] [%emt 00:00:37]} O-O {[%clk 00:39:24] [%emt 00:02:52]}
21. b3 {[%clk 00:47:31] [%emt 00:02:22]} Rb4 {[%clk 00:38:08] [%emt 00:01:46]}
22. Rc5 {[%clk 00:37:29] [%emt 00:10:29]} a5 {[%clk 00:35:58] [%emt 00:02:43]}
23. Rdc1 {[%clk 00:33:11] [%emt 00:04:47]} a4 {[%clk 00:31:38] [%emt 00:04:51]}
24. Bd1 {[%clk 00:32:38] [%emt 00:01:02]} axb3 {[%clk 00:24:05] [%emt 00:08:05]}
25. axb3 {[%clk 00:26:25] [%emt 00:06:42]} Rb5 {[%clk 00:22:50] [%emt 00:01:45]}
26. Rxb5 {[%clk 00:18:51] [%emt 00:08:05]} Qxb5 {[%clk 00:23:14] [%emt
00:00:05]} 27. Rc5 {[%clk 00:19:13] [%emt 00:00:07]} Qb6 {[%clk 00:17:39] [%emt
00:06:05]} 28. b4 {[%clk 00:16:06] [%emt 00:03:38]} Ra8 {[%clk 00:16:41] [%emt
00:01:29]} 29. Ra5 {[%clk 00:16:28] [%emt 00:00:06]} Qd8 {[%clk 00:16:11] [%emt
00:01:00]} 30. Be2 {[%clk 00:14:02] [%emt 00:02:56]} b6 {[%clk 00:13:44] [%emt
00:02:59]} 31. Rxa8 {[%clk 00:13:30] [%emt 00:01:02]} Qxa8 {[%clk 00:14:11]
[%emt 00:00:03]} 32. Qb2 {[%clk 00:13:43] [%emt 00:00:15]} Qa4 {[%clk 00:10:11]
[%emt 00:04:30]} 33. Kf2 {[%clk 00:14:00] [%emt 00:00:12]} g6 {[%clk 00:09:27]
[%emt 00:01:16]} 34. h4 {[%clk 00:07:12] [%emt 00:07:17]} h5 {[%clk 00:06:47]
[%emt 00:03:11]} 35. g4 {[%clk 00:03:09] [%emt 00:04:34]} hxg4 {[%clk 00:07:03]
[%emt 00:00:13]} 36. Bxg4 {[%clk 00:03:34] [%emt 00:00:05]} Bc2 {[%clk 00:05:13]
[%emt 00:02:20]} 37. h5 {[%clk 00:02:50] [%emt 00:01:14]} gxh5 {[%clk 00:04:02]
[%emt 00:01:41]} 38. Bxh5 {[%clk 00:03:19] [%emt 00:00:01]} Bd1 {[%clk 00:03:50]
[%emt 00:00:42]} 39. Bxd1 {[%clk 00:01:39] [%emt 00:02:10]} Qxd1 {[%clk
00:04:15] [%emt 00:00:04]} 40. Qc3 {[%clk 00:01:52] [%emt 00:00:17]} Kg7 {[%clk
00:02:11] [%emt 00:02:35]} 41. Qg3+ {[%clk 00:00:49] [%emt 00:01:33]} Kf8 {[%clk
00:02:23] [%emt 00:00:18]} 42. Qc3 {[%clk 00:00:40] [%emt 00:00:38]} b5 {[%clk
00:47:39] [%emt 00:05:15]} 43. f5 {[%clk 00:47:14] [%emt 00:03:56]} exf5 {[%clk
00:44:14] [%emt 00:03:55]} 44. Qc5+ {[%clk 00:45:31] [%emt 00:02:13]} Kg7 {[%clk
00:44:26] [%emt 00:00:18]} 45. Qxd5 {[%clk 00:45:56] [%emt 00:00:05]} Qd2+
{[%clk 00:43:50] [%emt 00:01:06]} 46. Kf1 {[%clk 00:45:59] [%emt 00:00:26]} Qd3+
{[%clk 00:43:09] [%emt 00:01:12]} 47. Kf2 {[%clk 00:41:51] [%emt 00:04:38]} f4
{[%clk 00:40:02] [%emt 00:03:37]} 48. Qg2+ {[%clk 00:41:21] [%emt 00:01:00]} Kf8
{[%clk 00:35:41] [%emt 00:04:51]} 49. Qa8+ {[%clk 00:41:26] [%emt 00:00:24]} Ke7
{[%clk 00:35:34] [%emt 00:00:38]} 50. Qd5 {[%clk 00:40:46] [%emt 00:01:09]} Qg3+
{[%clk 00:28:54] [%emt 00:07:11]} 51. Kf1 {[%clk 00:39:14] [%emt 00:02:01]} Qh3+
{[%clk 00:26:19] [%emt 00:03:06]} 52. Kg1 {[%clk 00:38:10] [%emt 00:01:33]} Qg3+
{[%clk 00:24:12] [%emt 00:02:39]} 53. Kf1 {[%clk 00:38:35] [%emt 00:00:04]} Qh3+
{[%clk 00:22:11] [%emt 00:02:31]} 54. Kg1 {[%clk 00:38:35] [%emt 00:00:29]}
1/2-1/2

[Site "Europe Echecs"]

[Event "Grand Swiss "]
[Date "2025.09.04"]
[White "Kollars, Dmitrij"]
[Black "Woodward, Andy"]
[WhiteElo "2647"]
[BlackElo "2557"]
[Round "1.1.50"]
[Result "1/2-1/2"]

1. e4 {[%clk 01:40:50] [%emt 00:00:10]} e5 {[%clk 01:40:42] [%emt 00:00:16]} 2.
Nf3 {[%clk 01:40:56] [%emt 00:00:25]} Nc6 {[%clk 01:40:56] [%emt 00:00:17]} 3.
Bc4 {[%clk 01:40:32] [%emt 00:00:54]} Bc5 {[%clk 01:40:23] [%emt 00:01:01]} 4.
d3 {[%clk 01:39:59] [%emt 00:01:05]} d6 {[%clk 01:39:28] [%emt 00:01:25]} 5. a4
{[%emt 00:03:24]} Nf6 {[%clk 01:34:44] [%emt 00:03:57]} 6. O-O {[%clk 01:36:46]
[%emt 00:05:13]} O-O 7. a5 {[%emt 00:07:16]} a6 {[%clk 01:25:22] [%emt
00:00:28]} 8. h3 {[%emt 00:05:53]} h6 {[%clk 01:16:05] [%emt 00:08:28]} 9. c3
{[%clk 01:32:10] [%emt 00:01:02]} Ne7 {[%clk 01:15:51] [%emt 00:00:44]} 10. Be3
{[%emt 00:01:42]} Bxe3 {[%clk 01:05:08] [%emt 00:11:01]} 11. fxe3 {[%clk
01:31:09] [%emt 00:00:31]} c6 {[%clk 01:04:28]} 12. Bb3 {[%clk 01:31:09]} b5
{[%clk 01:01:26] [%emt 00:18:59]} 13. axb6 {[%clk 01:12:25]} Qxb6 {[%clk
01:01:35] [%emt 00:05:49]} 14. Re1 {[%clk 01:12:07]} a5 {[%emt 00:09:48]} 15.
Nbd2 {[%clk 01:07:07]} Ba6 {[%clk 00:56:42] [%emt 00:02:23]} 16. Qc2 {[%clk
01:03:49]} Ng6 {[%emt 00:05:37]} 17. Bc4 {[%emt 00:08:25]} d5 {[%clk 00:51:41]
[%emt 00:00:31]} 18. Bxa6 {[%clk 00:58:41]} Rxa6 {[%clk 00:51:53] [%emt
00:01:42]} 19. Ra4 {[%clk 00:46:53]} Ra7 {[%clk 00:47:53] [%emt 00:16:48]} 20.
c4 {[%emt 00:21:33]} dxe4 {[%clk 00:36:17] [%emt 00:00:16]} 21. c5 {[%clk
00:37:35] [%emt 00:00:34]} Qb5 {[%clk 00:36:24] [%emt 00:00:23]} 22. Nxe4 {[%clk
00:33:35] [%emt 00:04:31]} Nxe4 {[%clk 00:35:53] [%emt 00:01:00]} 23. Rxe4
{[%clk 00:33:57] [%emt 00:00:09]} Rb8 {[%clk 00:35:07] [%emt 00:01:16]} 24. Re2
{[%clk 00:31:34] [%emt 00:02:52]} Rab7 {[%clk 00:27:53] [%emt 00:07:44]} 25. Qc3
{[%clk 00:28:42] [%emt 00:03:22]} Qb3 {[%clk 00:26:12] [%emt 00:02:11]} 26. Rc4
{[%clk 00:22:11] [%emt 00:07:01]} Qa2 {[%clk 00:24:02] [%emt 00:02:41]} 27. Qa3
{[%clk 00:14:54] [%emt 00:07:47]} Qxa3 28. bxa3 {[%clk 00:15:23]} Rb3 {[%clk
00:23:17] [%emt 00:00:11]} 29. Ra4 {[%clk 00:13:29] [%emt 00:02:25]} R8b5 {[%clk
00:18:02] [%emt 00:05:45]} 30. d4 exd4 {[%clk 00:18:22]} 31. exd4 {[%clk
00:11:52]} Nf4 {[%clk 00:18:43] [%emt 00:00:39]} 32. Rc2 {[%clk 00:10:35]} f6
{[%clk 00:13:19] [%emt 00:07:41]} 33. d5 {[%clk 00:10:20] [%emt 00:00:45]} Nxd5
{[%clk 00:13:35] [%emt 00:00:14]} 34. Nd4 {[%clk 00:10:45] [%emt 00:00:04]} Rb1+
{[%clk 00:11:47] [%emt 00:02:17]} 35. Kf2 {[%clk 00:09:05] [%emt 00:02:11]} Rb8
{[%clk 00:10:41] [%emt 00:01:36]} 36. Nxc6 {[%clk 00:08:16] [%emt 00:01:19]} Re8
{[%clk 00:11:07] [%emt 00:00:04]} 37. Nd4 {[%clk 00:04:34] [%emt 00:04:12]} Ne3
{[%clk 00:05:50] [%emt 00:05:46]} 38. Re2 {[%clk 00:03:23] [%emt 00:01:42]} Rf1+
{[%clk 00:06:12] [%emt 00:00:08]} 39. Kg3 {[%clk 00:03:52] [%emt 00:00:01]} h5
{[%clk 00:01:59] [%emt 00:04:43]} 40. c6 {[%clk 00:00:37] [%emt 00:03:45]} h4+
{[%clk 00:00:44] [%emt 00:01:45]} 41. Kxh4 {[%clk 00:43:16] [%emt 00:07:50]}
Rf4+ {[%clk 00:20:08] [%emt 00:31:06]} 42. Kg3 {[%clk 00:33:50] [%emt 00:09:56]}
g5 {[%clk 00:20:19] [%emt 00:00:20]} 43. Rf2 {[%clk 00:31:39] [%emt 00:02:41]}
Nf1+ {[%clk 00:19:27] [%emt 00:01:22]} 44. Rxf1 {[%clk 00:32:04] [%emt
00:00:05]} Rxf1 {[%clk 00:19:51] [%emt 00:00:06]} 45. Rxa5 {[%clk 00:29:09]
[%emt 00:03:25]} Re3+ {[%clk 00:19:21] [%emt 00:01:00]} 46. Kh2 {[%clk 00:29:06]
[%emt 00:00:33]} Rc1 {[%clk 00:19:23] [%emt 00:00:27]} 47. Ra7 {[%clk 00:26:53]
[%emt 00:02:43]} Rd3 {[%clk 00:13:01] [%emt 00:06:52]} 48. c7 {[%clk 00:18:56]
[%emt 00:08:27]} Rxd4 {[%clk 00:13:02] [%emt 00:00:29]} 49. Ra8+ {[%clk
00:19:22] [%emt 00:00:05]} Kf7 {[%clk 00:13:23] [%emt 00:00:09]} 50. c8=Q {[%clk
00:19:46] [%emt 00:00:06]} Rxc8 {[%clk 00:13:48] [%emt 00:00:05]} 51. Rxc8
{[%clk 00:20:10] [%emt 00:00:05]} Rd3 {[%clk 00:08:57] [%emt 00:05:21]} 52. a4
{[%clk 00:18:40] [%emt 00:02:00]} Ra3 {[%clk 00:09:20] [%emt 00:00:07]} 53. Ra8
{[%clk 00:18:23] [%emt 00:00:48]} f5 {[%clk 00:09:21] [%emt 00:00:29]} 54. a5
{[%clk 00:17:33] [%emt 00:01:20]} g4 {[%clk 00:09:14] [%emt 00:00:37]} 55. hxg4
{[%clk 00:12:12] [%emt 00:05:51]} fxg4 {[%clk 00:09:36] [%emt 00:00:06]} 56. a6
{[%clk 00:12:25] [%emt 00:00:19]} Kg7 {[%clk 00:09:57] [%emt 00:00:08]} 57. Ra7+
{[%clk 00:10:52] [%emt 00:02:03]} Kg6 {[%clk 00:10:20] [%emt 00:00:07]} 58. Ra8
{[%clk 00:11:13] [%emt 00:00:10]} Kg7 {[%clk 00:10:46] [%emt 00:00:04]} 59. Ra7+
{[%clk 00:11:22] [%emt 00:00:22]} Kg6 {[%clk 00:11:09] [%emt 00:00:06]} 60. Ra8
{[%emt 00:00:07]} 1/2-1/2

[Site "Europe Echecs"]

[Event "Grand Swiss "]
[Date "2025.09.04"]
[White "Samunenkov, Ihor"]
[Black "Lu, Shanglei"]
[WhiteElo "2550"]
[BlackElo "2647"]
[Round "1.1.51"]
[Result "1/2-1/2"]

1. e4 {[%clk 01:40:54] [%emt 00:00:05]} c5 {[%clk 01:40:38] [%emt 00:00:22]} 2.
c3 {[%clk 01:41:13] [%emt 00:00:11]} d5 {[%clk 01:39:11] [%emt 00:01:58]} 3.
exd5 {[%clk 01:41:32] [%emt 00:00:10]} Qxd5 {[%clk 01:39:33] [%emt 00:00:07]} 4.
d4 {[%clk 01:41:53] [%emt 00:00:10]} Nf6 {[%clk 01:39:26] [%emt 00:00:37]} 5.
Nf3 {[%clk 01:42:07] [%emt 00:00:17]} e6 {[%clk 01:38:45] [%emt 00:01:11]} 6.
Na3 {[%clk 01:42:19] [%emt 00:00:18]} Nc6 {[%clk 01:39:03] [%emt 00:00:12]} 7.
Be3 {[%clk 01:42:29] [%emt 00:00:19]} cxd4 {[%clk 01:39:23] [%emt 00:00:10]} 8.
Nb5 {[%clk 01:42:50] [%emt 00:00:09]} Qd7 {[%clk 01:39:48] [%emt 00:00:04]} 9.
Nbxd4 {[%clk 01:43:02] [%emt 00:00:19]} Be7 {[%clk 01:40:12] [%emt 00:00:06]}
10. Nxc6 {[%clk 01:32:48] [%emt 00:10:45]} Qxc6 {[%clk 01:39:52] [%emt
00:00:50]} 11. Ne5 {[%clk 01:32:58] [%emt 00:00:20]} Qe4 {[%clk 01:40:17] [%emt
00:00:04]} 12. Qd4 {[%clk 01:31:36] [%emt 00:01:53]} Qxd4 {[%clk 01:31:53] [%emt
00:08:53]} 13. Bxd4 {[%clk 01:31:57] [%emt 00:00:10]} O-O {[%clk 01:32:17] [%emt
00:00:06]} 14. Be2 {[%clk 01:32:02] [%emt 00:00:24]} Nd5 {[%clk 01:24:54] [%emt
00:07:52]} 15. Bf3 {[%clk 01:31:17] [%emt 00:01:16]} Rd8 {[%clk 01:25:08] [%emt
00:00:16]} 16. O-O-O {[%clk 01:20:58] [%emt 00:10:49]} f6 {[%clk 01:23:25] [%emt
00:02:13]} 17. Nc4 {[%clk 01:04:10] [%emt 00:17:18]} b6 {[%clk 01:22:20] [%emt
00:01:35]} 18. Rhe1 {[%clk 00:49:06] [%emt 00:15:34]} Kf7 {[%clk 01:17:16] [%emt
00:05:34]} 19. b3 {[%clk 00:44:09] [%emt 00:05:27]} Bb7 {[%clk 01:04:46] [%emt
00:13:01]} 20. Kb2 {[%clk 00:39:33] [%emt 00:05:05]} Rac8 {[%clk 00:50:10] [%emt
00:15:07]} 21. a4 {[%clk 00:29:17] [%emt 00:10:45]} e5 {[%clk 00:36:07] [%emt
00:14:34]} 22. Be3 {[%clk 00:28:58] [%emt 00:00:48]} Nxe3 {[%clk 00:35:11] [%emt
00:01:26]} 23. fxe3 {[%clk 00:29:00] [%emt 00:00:28]} Bxf3 {[%clk 00:30:00]
[%emt 00:05:42]} 24. gxf3 {[%clk 00:29:21] [%emt 00:00:08]} Ke6 {[%clk 00:30:20]
[%emt 00:00:10]} 25. e4 {[%clk 00:28:47] [%emt 00:01:04]} h5 {[%clk 00:24:18]
[%emt 00:06:32]} 26. Ne3 {[%clk 00:27:48] [%emt 00:01:28]} Rxd1 {[%clk 00:22:22]
[%emt 00:02:26]} 27. Rxd1 {[%clk 00:28:10] [%emt 00:00:09]} Bc5 {[%clk 00:22:44]
[%emt 00:00:08]} 28. Nd5 {[%clk 00:27:06] [%emt 00:01:34]} a5 {[%clk 00:23:09]
[%emt 00:00:05]} 29. Rd2 {[%clk 00:23:27] [%emt 00:04:08]} g5 {[%clk 00:20:02]
[%emt 00:03:38]} 30. h3 {[%clk 00:23:45] [%emt 00:00:12]} Rg8 {[%clk 00:18:56]
[%emt 00:01:35]} 31. Nc7+ {[%clk 00:21:36] [%emt 00:02:39]} Ke7 {[%clk 00:19:20]
[%emt 00:00:07]} 32. Nd5+ {[%clk 00:22:00] [%emt 00:00:06]} Ke6 {[%clk 00:19:35]
[%emt 00:00:15]} 33. Nc7+ {[%clk 00:21:47] [%emt 00:00:42]} Ke7 {[%clk 00:19:06]
[%emt 00:00:59]} 34. Nd5+ {[%clk 00:22:04] [%emt 00:00:13]} 1/2-1/2

[Site "Europe Echecs"]

[Event "Grand Swiss "]
[Date "2025.09.04"]
[White "Erdogmus, Yagiz Kaan"]
[Black "Goryachkina, Aleksandra"]
[WhiteElo "2646"]
[BlackElo "2528"]
[Round "1.1.52"]
[Result "1-0"]

1. e4 {[%clk 01:40:50] [%emt 00:00:09]} e5 {[%clk 01:40:39] [%emt 00:00:21]} 2.
Nf3 {[%clk 01:41:13] [%emt 00:00:06]} Nc6 {[%clk 01:40:50] [%emt 00:00:19]} 3.
Bc4 {[%clk 01:41:36] [%emt 00:00:08]} Nf6 {[%clk 01:40:29] [%emt 00:00:52]} 4.
d3 {[%clk 01:41:54] [%emt 00:00:11]} Bc5 {[%clk 01:40:11] [%emt 00:00:49]} 5.
Nc3 {[%clk 01:41:47] [%emt 00:00:37]} h6 {[%clk 01:38:33] [%emt 00:02:08]} 6.
Be3 {[%clk 01:41:54] [%emt 00:00:22]} Bxe3 {[%clk 01:31:10] [%emt 00:07:53]} 7.
fxe3 {[%clk 01:42:22] [%emt 00:00:02]} d6 {[%clk 01:28:31] [%emt 00:03:10]} 8.
a3 {[%clk 01:42:31] [%emt 00:00:21]} O-O {[%clk 01:24:24] [%emt 00:04:36]} 9.
Qe2 {[%clk 01:31:16] [%emt 00:11:45]} a6 {[%clk 01:19:38] [%emt 00:05:17]} 10.
Rg1 {[%clk 01:12:54] [%emt 00:18:51]} b5 {[%clk 01:11:28] [%emt 00:08:41]} 11.
Bb3 {[%clk 01:08:01] [%emt 00:05:23]} Be6 {[%clk 01:08:26] [%emt 00:03:31]} 12.
g4 {[%clk 00:42:27] [%emt 00:26:04]} Bxb3 {[%clk 01:03:52] [%emt 00:05:04]} 13.
cxb3 {[%clk 00:42:47] [%emt 00:00:09]} b4 {[%clk 00:55:02] [%emt 00:09:22]} 14.
axb4 {[%clk 00:39:08] [%emt 00:04:09]} Nh7 {[%clk 00:52:56] [%emt 00:02:35]} 15.
b5 {[%clk 00:28:57] [%emt 00:10:42]} Nb4 {[%clk 00:45:15] [%emt 00:08:10]} 16.
bxa6 {[%clk 00:26:04] [%emt 00:03:23]} Rxa6 {[%clk 00:42:46] [%emt 00:03:00]}
17. Ra4 {[%clk 00:18:52] [%emt 00:07:42]} Rxa4 {[%clk 00:35:05] [%emt 00:08:11]}
18. bxa4 {[%clk 00:19:15] [%emt 00:00:07]} c6 {[%clk 00:34:59] [%emt 00:00:35]}
19. h4 {[%clk 00:13:03] [%emt 00:06:43]} Qb6 {[%clk 00:26:54] [%emt 00:08:34]}
20. Kf2 {[%clk 00:11:54] [%emt 00:01:38]} Re8 {[%clk 00:22:47] [%emt 00:04:38]}
21. g5 {[%clk 00:08:34] [%emt 00:03:50]} h5 {[%clk 00:22:08] [%emt 00:01:08]}
22. Ra1 {[%clk 00:05:17] [%emt 00:03:48]} Nxd3+ {[%clk 00:14:55] [%emt
00:07:44]} 23. Kf1 {[%clk 00:05:13] [%emt 00:00:33]} Nb4 {[%clk 00:12:28] [%emt
00:02:57]} 24. a5 {[%clk 00:04:33] [%emt 00:01:11]} Qc5 {[%clk 00:11:15] [%emt
00:01:43]} 25. Ra4 {[%clk 00:02:56] [%emt 00:02:07]} Nf8 {[%clk 00:09:04] [%emt
00:02:40]} 26. Nd2 {[%clk 00:02:11] [%emt 00:01:15]} Rb8 {[%clk 00:06:01] [%emt
00:03:34]} 27. a6 {[%clk 00:01:55] [%emt 00:00:46]} Qa7 {[%clk 00:03:03] [%emt
00:03:28]} 28. Nc4 {[%clk 00:00:33] [%emt 00:01:52]} Nxa6 {[%clk 00:02:28] [%emt
00:01:04]} 29. Kf2 {[%clk 00:00:33] [%emt 00:00:31]} Qb7 {[%clk 00:01:41] [%emt
00:01:17]} 30. Na5 {[%clk 00:00:34] [%emt 00:00:29]} Qc8 {[%clk 00:01:28] [%emt
00:00:43]} 31. Nxc6 {[%clk 00:00:54] [%emt 00:00:09]} Qxc6 {[%clk 00:01:27]
[%emt 00:00:31]} 32. Rxa6 {[%clk 00:01:24] [%emt 00:00:01]} Qb7 {[%clk 00:00:55]
[%emt 00:01:02]} 33. Ra2 {[%clk 00:01:02] [%emt 00:00:51]} Nd7 {[%clk 00:00:52]
[%emt 00:00:34]} 34. Qxh5 {[%clk 00:01:05] [%emt 00:00:27]} Nc5 {[%clk 00:00:42]
[%emt 00:00:40]} 35. Qf3 {[%clk 00:01:28] [%emt 00:00:07]} Qb3 {[%clk 00:00:39]
[%emt 00:00:32]} 36. Kg3 {[%clk 00:01:05] [%emt 00:00:54]} Qc4 {[%clk 00:00:35]
[%emt 00:00:34]} 37. Ra7 {[%clk 00:01:04] [%emt 00:00:31]} Rf8 {[%clk 00:00:44]
[%emt 00:00:20]} 38. h5 {[%clk 00:00:59] [%emt 00:00:35]} d5 {[%clk 00:00:34]
[%emt 00:00:41]} 39. exd5 {[%clk 00:00:47] [%emt 00:00:41]} e4 {[%clk 00:00:45]
[%emt 00:00:19]} 40. Qf4 {[%clk 00:00:34] [%emt 00:00:42]} Qb4 {[%clk 00:00:34]
[%emt 00:00:43]} 41. Qd6 {[%clk 00:00:35] [%emt 00:00:29]} Qc4 {[%clk 00:43:08]
[%emt 00:07:55]} 42. g6 {[%clk 00:47:02] [%emt 00:04:04]} Qd3 {[%clk 00:28:50]
[%emt 00:14:47]} 43. gxf7+ {[%clk 00:35:12] [%emt 00:12:20]} Kh7 {[%clk
00:27:56] [%emt 00:01:25]} 44. Qxc5 {[%clk 00:34:51] [%emt 00:00:50]} Qf1 {[%clk
00:27:38] [%emt 00:00:48]} 45. Nxe4 {[%clk 00:33:54] [%emt 00:01:28]} Qg1+
{[%clk 00:27:49] [%emt 00:00:18]} 46. Kf4 {[%clk 00:32:43] [%emt 00:01:41]} Qh2+
{[%clk 00:27:45] [%emt 00:00:34]} 47. Ng3 {[%clk 00:32:41] [%emt 00:00:32]} 1-0

[Site "Europe Echecs"]

[Event "Grand Swiss "]
[Date "2025.09.04"]
[White "Vakhidov, Jakhongir"]
[Black "Theodorou, Nikolas"]
[WhiteElo "2521"]
[BlackElo "2646"]
[Round "1.1.53"]
[Result "1/2-1/2"]

1. d4 {[%clk 01:40:10] [%emt 00:00:49]} Nf6 {[%clk 01:40:51] [%emt 00:00:09]} 2.
Nf3 {[%clk 01:40:11] [%emt 00:00:29]} d5 {[%clk 01:40:42] [%emt 00:00:39]} 3. c4
{[%clk 01:39:29] [%emt 00:01:12]} e6 {[%clk 01:41:05] [%emt 00:00:06]} 4. g3
{[%clk 01:39:34] [%emt 00:00:26]} Bd6 {[%clk 01:40:37] [%emt 00:00:58]} 5. Bg2
{[%clk 01:39:32] [%emt 00:00:31]} O-O {[%clk 01:40:58] [%emt 00:00:09]} 6. O-O
{[%clk 01:39:24] [%emt 00:00:38]} Nc6 {[%clk 01:41:23] [%emt 00:00:06]} 7. Bg5
{[%clk 01:22:14] [%emt 00:17:39]} dxc4 {[%clk 01:40:54] [%emt 00:01:00]} 8. Nbd2
{[%clk 01:15:56] [%emt 00:06:48]} h6 {[%clk 01:41:04] [%emt 00:00:20]} 9. Bxf6
{[%clk 01:16:20] [%emt 00:00:06]} Qxf6 {[%clk 01:41:29] [%emt 00:00:05]} 10.
Nxc4 {[%clk 01:16:43] [%emt 00:00:06]} e5 {[%clk 01:41:56] [%emt 00:00:05]} 11.
d5 {[%clk 01:09:22] [%emt 00:07:51]} Nd4 {[%clk 01:42:13] [%emt 00:00:13]} 12.
Nfd2 {[%clk 00:59:48] [%emt 00:10:04]} Qd8 {[%clk 01:18:01] [%emt 00:24:41]} 13.
Ne4 {[%clk 00:41:43] [%emt 00:18:35]} Bg4 {[%clk 01:04:29] [%emt 00:14:02]} 14.
f3 {[%clk 00:37:45] [%emt 00:04:28]} Bd7 {[%clk 00:55:14] [%emt 00:09:45]} 15.
e3 {[%clk 00:37:53] [%emt 00:00:22]} Nf5 {[%clk 00:54:36] [%emt 00:01:08]} 16.
Qb3 {[%clk 00:38:11] [%emt 00:00:12]} b5 {[%clk 00:51:38] [%emt 00:03:28]} 17.
Ncxd6 {[%clk 00:31:58] [%emt 00:06:43]} Nxd6 {[%clk 00:35:53] [%emt 00:16:15]}
18. Qc3 {[%clk 00:23:24] [%emt 00:09:04]} Qe7 {[%clk 00:22:20] [%emt 00:14:03]}
19. Qxc7 {[%clk 00:17:14] [%emt 00:06:40]} Nxe4 {[%clk 00:22:43] [%emt
00:00:07]} 20. fxe4 {[%clk 00:17:32] [%emt 00:00:11]} Rfc8 {[%clk 00:23:03]
[%emt 00:00:10]} 21. Qb7 {[%clk 00:12:56] [%emt 00:05:07]} Qd6 {[%clk 00:18:25]
[%emt 00:05:08]} 22. Rfc1 {[%clk 00:12:31] [%emt 00:00:54]} a6 {[%clk 00:16:15]
[%emt 00:02:41]} 23. Bf1 {[%clk 00:11:25] [%emt 00:01:36]} h5 {[%clk 00:15:01]
[%emt 00:01:44]} 24. h4 {[%clk 00:05:36] [%emt 00:06:19]} Bg4 {[%clk 00:09:57]
[%emt 00:05:34]} 25. a3 {[%clk 00:05:51] [%emt 00:00:15]} Qh6 {[%clk 00:09:41]
[%emt 00:00:46]} 26. Re1 {[%clk 00:06:10] [%emt 00:00:11]} Qg6 {[%clk 00:03:25]
[%emt 00:06:46]} 27. Rac1 {[%clk 00:03:18] [%emt 00:03:22]} Qd6 {[%clk 00:01:03]
[%emt 00:02:52]} 28. Rc6 {[%clk 00:02:19] [%emt 00:01:29]} Rxc6 {[%clk 00:01:31]
[%emt 00:00:02]} 29. Qxc6 {[%clk 00:02:45] [%emt 00:00:04]} Qd8 {[%clk 00:01:50]
[%emt 00:00:11]} 30. Bg2 {[%clk 00:01:11] [%emt 00:02:04]} Rc8 {[%clk 00:01:38]
[%emt 00:00:42]} 31. Qxa6 {[%clk 00:01:05] [%emt 00:00:37]} g5 {[%clk 00:02:04]
[%emt 00:00:03]} 32. Rf1 {[%clk 00:00:44] [%emt 00:00:51]} gxh4 {[%clk 00:02:23]
[%emt 00:00:11]} 33. gxh4 {[%clk 00:01:06] [%emt 00:00:08]} Qxh4 {[%clk
00:01:33] [%emt 00:01:20]} 34. Qf6 {[%clk 00:01:30] [%emt 00:00:05]} Qxf6 {[%clk
00:02:00] [%emt 00:00:04]} 35. Rxf6 {[%clk 00:01:58] [%emt 00:00:02]} b4 {[%clk
00:01:57] [%emt 00:00:34]} 36. Rc6 {[%clk 00:00:43] [%emt 00:01:44]} Rb8 {[%clk
00:02:25] [%emt 00:00:01]} 37. a4 {[%clk 00:00:40] [%emt 00:00:34]} Bd7 {[%clk
00:02:54] [%emt 00:00:01]} 38. Ra6 {[%clk 00:01:00] [%emt 00:00:10]} Rc8 {[%clk
00:03:23] [%emt 00:00:01]} 39. Ra7 {[%clk 00:01:06] [%emt 00:00:24]} Bg4 {[%clk
00:03:25] [%emt 00:00:28]} 40. d6 {[%clk 00:00:34] [%emt 00:01:03]} Rc1+ {[%clk
00:01:41] [%emt 00:03:16]} 41. Kf2 {[%clk 00:00:34] [%emt 00:00:30]} Rd1 {[%clk
00:48:30] [%emt 00:03:41]} 42. Bf3 {[%clk 00:41:55] [%emt 00:09:08]} 1/2-1/2

[Site "Europe Echecs"]